000 00481nam a2200193Ia 4500
005 20240823060302.0
008 240823s9999||||xx |||||||||||||| ||und||
041 _aENGLISH
082 _A621.4021 P2
100 _aSelvakumar M
245 0 _aApplied Thermodynamics : Questions & Answer
250 _a1st
260 _c2002
_bCharulatha Publica
500 _aTRANSFERED
650 _aThermodynamics
_bMechanical
700 _a Perumalraja B
942 _cBK
999 _c230772
_d230772